Recent Catholic philosophy : (Record no. 123933)
[ view plain ]
| 000 -LEADER | |
|---|---|
| fixed length control field | 01470cam a22003254a 4500 |
| 001 - CONTROL NUMBER | |
| control field | 16683849 |
| 003 - CONTROL NUMBER IDENTIFIER | |
| control field | ARRUPE |
| 005 - DATE AND TIME OF LATEST TRANSACTION | |
| control field | 20160118141528.0 |
| 008 - FIXED-LENGTH DATA ELEMENTS--GENERAL INFORMATION | |
| fixed length control field | 110308s2011 wiu b 001 0 eng |
| 010 ## - LIBRARY OF CONGRESS CONTROL NUMBER | |
| LC control number | 2011008997 |
| 020 ## - INTERNATIONAL STANDARD BOOK NUMBER | |
| International Standard Book Number | 9780874628036 (pbk. : alk. paper) |
| 020 ## - INTERNATIONAL STANDARD BOOK NUMBER | |
| International Standard Book Number | 0874628032 (pbk. : alk. paper) |
| 035 ## - SYSTEM CONTROL NUMBER | |
| System control number | (OCoLC)ocn707626641 |
| 040 ## - CATALOGING SOURCE | |
| Original cataloging agency | DLC |
| Transcribing agency | DLC |
| Modifying agency | CDX |
| -- | C#P |
| -- | GZQ |
| -- | YDXCP |
| -- | BTCTA |
| -- | BWX |
| -- | DLC |
| 042 ## - AUTHENTICATION CODE | |
| Authentication code | pcc |
| 050 00 - LIBRARY OF CONGRESS CALL NUMBER | |
| Classification number | BR100 |
| Item number | .V56 2011 |
| 082 00 - DEWEY DECIMAL CLASSIFICATION NUMBER | |
| Classification number | 190.9/04 |
| Edition number | 22 |
| 300 ## - PHYSICAL DESCRIPTION | |
| Dimensions | 22 cm. |
| 100 1# - MAIN ENTRY--PERSONAL NAME | |
| Personal name | Vincelette, Alan Roy. |
| 9 (RLIN) | 21480 |
| 245 10 - TITLE STATEMENT | |
| Title | Recent Catholic philosophy : |
| Remainder of title | the twentieth century / |
| Statement of responsibility, etc | by Alan Vincelette. |
| 260 ## - PUBLICATION, DISTRIBUTION, ETC. (IMPRINT) | |
| Place of publication, distribution, etc | Milwaukee, Wisc. : |
| Name of publisher, distributor, etc | Marquette University Press, |
| Date of publication, distribution, etc | c2011. |
| 300 ## - PHYSICAL DESCRIPTION | |
| Extent | 447 p. ; |
| 490 0# - SERIES STATEMENT | |
| Series statement | Marquette studies in philosophy ; |
| Volume number/sequential designation | no. 71 |
| 504 ## - BIBLIOGRAPHY, ETC. NOTE | |
| Bibliography, etc | Includes bibliographical references (p. [417]-428) and index. |
| 505 0# - FORMATTED CONTENTS NOTE | |
| Formatted contents note | Stein -- Von Hildebrand -- Dussel -- Gilson -- Maritain -- Wojtyła (John Paul II) -- Rousselot -- Rahner -- Lonergan -- Ebner -- Mounier -- Nédoncelle -- Lavelle -- Marcel -- Zubiri -- Anscombe -- Taylor -- Jacques -- Marion -- Lacoste -- Desmond. |
| 650 #0 - SUBJECT ADDED ENTRY--TOPICAL TERM | |
| Topical term or geographic name as entry element | Christianity |
| General subdivision | Philosophy |
| -- | History |
| Chronological subdivision | 20th century. |
| 9 (RLIN) | 21484 |
| 650 #0 - SUBJECT ADDED ENTRY--TOPICAL TERM | |
| Topical term or geographic name as entry element | Catholic Church and philosophy |
| General subdivision | History |
| Chronological subdivision | 20th century. |
| 9 (RLIN) | 21485 |
| 906 ## - LOCAL DATA ELEMENT F, LDF (RLIN) | |
| a | 7 |
| b | cbc |
| c | orignew |
| d | 1 |
| e | ecip |
| f | 20 |
| g | y-gencatlg |
| 942 ## - ADDED ENTRY ELEMENTS (KOHA) | |
| Source of classification or shelving scheme | Library of Congress Classification |
| Koha item type | Monograph ( Printed materials) |
| Withdrawn status | Lost status | Source of classification or shelving scheme | Damaged status | Not for loan | Collection code | Home library | Current library | Shelving location | Date acquired | Total Checkouts | Full call number | Barcode | Checked out | Date last seen | Date checked out | Price effective from | Koha item type |
|---|---|---|---|---|---|---|---|---|---|---|---|---|---|---|---|---|---|
| Library of Congress Classification | Main Collection | ARRUPE LIBRARY | ARRUPE LIBRARY | Main Collection | 18/01/2016 | 4 | BR100.V56 2011 | 46500005808 | 14/02/2025 | 15/01/2025 | 15/01/2025 | 18/01/2016 | Monograph ( Printed materials) |